[Event "Leiden op-A 8th"]
[Site "Leiden"]
[Date "2014.07.11"]
[Round "1"]
[White "De Ruiter, Ton"]
[Black "Cernouskova, Alena"]
[Result "1-0"]
[WhiteElo "2108"]
[BlackElo "1636"]
[PlyCount "25"]
[EventDate "2014.07.11"]
[EventType "swiss"]
[EventRounds "9"]
[EventCountry "NED"]
[SourceTitle "CBM 161 Extra"]
[Source "ChessBase"]
[SourceDate "2014.08.29"]
[SourceVersion "1"]
[SourceVersionDate "2014.08.29"]
[SourceQuality "1"]

1. e4 e5 2. Nf3 Nc6 3. d4 exd4 4. Bc4 h6 5. 0-0 Bc5 6. c3 Qf6 7. e5 Qd8 8. cxd4 Bb4 9. a3 Ba5 10. d5 Nce7 11. d6 b5 12. Ba2 Nc6 13. Qd5 1-0